Online
Catalog

Bibliografía afrodomínico-haitiana, 1763-2015 / (Record no. 48378)

MARC details
000 -CABECERA
campo de control de longitud fija 01138nam a2200301 a 4500
001 - NÚMERO DE CONTROL
campo de control 000048890
003 - IDENTIFICADOR DEL NÚMERO DE CONTROL
campo de control DO-SdBNP
005 - FECHA Y HORA DE LA ÚLTIMA TRANSACCIÓN
campo de control 20251202090016.0
007 - CAMPO FIJO DE DESCRIPCIÓN FÍSICA--INFORMACIÓN GENERAL
campo de control de longitud fija ta
008 - DATOS DE LONGITUD FIJA--INFORMACIÓN GENERAL
campo de control de longitud fija 190425e2016 dr grb 001 0dspa d
020 ## - NÚMERO INTERNACIONAL ESTÁNDAR DEL LIBRO
Número Internacional Estándar del Libro 9789945586763
040 ## - FUENTE DE LA CATALOGACIÓN
Centro catalogador/agencia de origen DO-SdBNP
Lengua de catalogación spa
Centro/agencia transcriptor BNPHU
082 #4 - NÚMERO DE LA CLASIFICACIÓN DECIMAL DEWEY
Número de documento/Ítem D325b
Número de edición 22
100 1# - ENTRADA PRINCIPAL--NOMBRE DE PERSONA
Nombre de persona Deive, Carlos Esteban,
Fechas asociadas al nombre 1935-2019
9 (RLIN) 1916
245 10 - MENCIÓN DE TÍTULO
Título Bibliografía afrodomínico-haitiana, 1763-2015 /
Mención de responsabilidad, etc. Carlos Esteban Deive
260 ## - PUBLICACIÓN, DISTRIBUCIÓN, ETC.
Lugar de publicación, distribución, etc. Santo Domingo :
Nombre del editor, distribuidor, etc. Archivo General de la Nación,
Fecha de publicación, distribución, etc. 2016
300 ## - DESCRIPCIÓN FÍSICA
Extensión 150 p. :
Otras características físicas 23 cm.
490 1# - MENCIÓN DE SERIE
Mención de serie Archivo General de la Nación ;
Designación de volumen o secuencia 280
500 ## - NOTA GENERAL
Nota general Incluye datos biográficos del autor en las solapas de las cubiertas.
505 0# - NOTA DE CONTENIDO CON FORMATO
Nota de contenido con formato Presentación --
Título Introducción --
-- Bibliografía afrodomínico-haitiana --
-- Siglas de instituciones --
-- Indice onomástico --.
590 ## - NOTA LOCAL (RLIN)
Nota local Inventariado, 2019/LP
650 #4 - PUNTO DE ACCESO ADICIONAL DE MATERIA--TÉRMINO DE MATERIA
9 (RLIN) 6155
Término de materia o nombre geográfico como elemento de entrada Bibliografía afrodomínico-haitiana
Subdivisión cronológica 1763 2015
650 #0 - PUNTO DE ACCESO ADICIONAL DE MATERIA--TÉRMINO DE MATERIA
Término de materia o nombre geográfico como elemento de entrada Bibliografía
9 (RLIN) 7838
700 1# - PUNTO DE ACCESO ADICIONAL--NOMBRE DE PERSONA
Nombre de persona Castro, Aquiles,
Término indicativo de función/relación prest.
9 (RLIN) 23129
830 #0 - PUNTO DE ACCESO ADICIONAL DE SERIE-TÍTULO UNIFORME
Título uniforme Publicaciones del Archivo General de la Nación;
Número de parte o sección de la obra 280
9 (RLIN) 76327
910 ## - DATOS DE OPCIÓN DEL USUARIO (OCLC)
Datos de opción del usuario MFeliz
942 ## - ELEMENTOS DE PUNTO DE ACCESO ADICIONAL (KOHA)
Fuente del sistema de clasificación o colocación Dewey Decimal Classification
Tipo de ítem Koha Libro
Holdings
Estado de retiro Estado de pérdida Fuente del sistema de clasificación o colocación Restricciones de uso No para préstamo Código de colección Localización permanente Ubicación/localización actual Ubicación en estantería Fecha de adquisición Signatura topográfica completa Código de barras Fecha visto por última vez Número de copia Precio válido a partir de Tipo de ítem Koha Número de inventario Total de préstamos Fuente de adquisición
    Dewey Decimal Classification Préstamo en sala   Dominicana de Servicio Biblioteca Nacional Pedro Henríquez Ureña Biblioteca Nacional Pedro Henríquez Ureña Depósito 25.04.2019 D325b 48890-30 25.06.2020 e. 3 25.06.2020 Libro      
    Dewey Decimal Classification Excluido de préstamo   Patrimonio Dominicano Biblioteca Nacional Pedro Henríquez Ureña Biblioteca Nacional Pedro Henríquez Ureña Depósito 25.04.2019 D325b 48890-10 25.06.2020   25.06.2020 Libro      
    Dewey Decimal Classification Préstamo en sala   Dominicana de Servicio Biblioteca Nacional Pedro Henríquez Ureña Biblioteca Nacional Pedro Henríquez Ureña En catalogación 02.09.2022 D325b 2023-0135 13.01.2023 e.4 13.01.2023 Libro      
    Dewey Decimal Classification Préstamo en sala   Dominicana de Servicio Biblioteca Nacional Pedro Henríquez Ureña Biblioteca Nacional Pedro Henríquez Ureña En catalogación 09.02.2022 D325b 2023-0142 16.01.2023 e.5 16.01.2023 Libro     Donado por Víctor Hugo
        Excluido de préstamo Patrimonio Dominicano Patrimonio Dominicano Patrimonio Dominicano Depósito 25.04.2019 xxxx D325b 48890-20 25.06.2020 e. 2 25.06.2020 Libro y Folleto Colección Patrimonio Dominicano LF1    

Powered by Koha